La España de los años 70 / (Record no. 65069)

MARC details
000 -LEADER
campo de control de longitud fija 00921nam a2200217 i 4500
001 - NÚMERO DE CONTROL
campo de control 65069
003 - IDENTIFICADOR DE NÚMERO DE CONTROL
campo de control ES-MaACL
005 - FECHA Y HORA DE LA ÚLTIMA TRANSACCIÓN
campo de control 20250507063018.0
007 - CAMPO FIJO DE DESCRIPCIÓN FÍSICA--INFORMACIÓN GENERAL
campo de control de longitud fija t|
008 - DATOS DE LONGITUD FIJA--INFORMACIÓN GENERAL
campo de control de longitud fija 040108m19721974sp ||||1| spa d
100 1# - ENTRADA PRINCIPAL--NOMBRE DE PERSONA
Nombre de persona Fraga Iribarne, Manuel,
Fechas asociadas al nombre 1922-2012
9 (RLIN) 193721
245 13 - MENCIÓN DEL TÍTULO
Título La España de los años 70 /
Mención de responsabilidad, etc. Manuel Fraga Iribarne ; co-directores, Juan Velarde Fuertes, Salustiano del Campo Urbano.
260 ## - PUBLICACIÓN, DISTRIBUCIÓN, ETC.
Lugar de publicación, distribución, etc. Madrid :
Nombre del editor, distribuidor, etc. Moneda y Crédito,
Fecha de publicación, distribución, etc. 1972-1974.
300 ## - DESCRIPCIÓN FÍSICA
Extensión 3 t. en 4 v. ;
Dimensiones 24 cm.
505 8# - NOTA DE CONTENIDO CON FORMATO
Nota de contenido con formato Contiene: V.I: La sociedad / dirigido por Salustiano del Campo Urbano .-- V.II: La economía / dirigida por Juan Velarde Fuertes . -- V.III: El estado y la política / dirigido por Manuel Fraga Iribarne
700 ## - ENTRADA AGREGADA--NOMBRE PERSONAL
Nombre de persona Velarde Fuertes, Juan,
9 (RLIN) 236903
Fechas asociadas al nombre 1927-2023
700 1# - ENTRADA AGREGADA--NOMBRE PERSONAL
Nombre de persona Campo Urbano, Salustiano del.
9 (RLIN) 34221
852 ## - LOCALIZACIÓN
Ubicación ES-MaACL
Número de control de estantería E-5760-3
Sublocalización o colección R.82651
942 ## - ELEMENTOS DE ENTRADA SECUNDARIOS (KOHA)
Fuente del sistema de clasificación o colocación Clasificación decimal universal
Holdings
Estatus retirado Estado de pérdida Estado de daño No para préstamo Biblioteca de origen Biblioteca actual Ubicación en estantería Fecha de adquisición Fuente de adquisición Total de préstamos Signatura topográfica completa Código de barras Visto por última vez Precio de reemplazo Tipo de ítem Koha
        Biblioteca del Ateneo de Madrid Biblioteca del Ateneo de Madrid Depósito 2 17/01/2008     E-5760-3 1068176 23/02/2023 23/02/2023 Libro impreso